000 00371nam a2200145Ia 4500
008 240624s9999 xx 000 0 und d
041 _aeng
082 _a519.5 JOH
100 _aJOHNSON RICHARD W
245 _aAPPLIED MULTIVARIATE STATISTICAL ANALYSI
250 _a(6th ed.)
260 _c2015
_aNew Delhi
_bPearson
300 _a770 : p. : cm. ; 26
365 _cRS
_b33
999 _c24510
_d24510